Rediseño del proceso de planificación y gestión de inventario, compras y ventas de Audio Accesorios de Costa Rica
Збережено в:
| Автор: | |
|---|---|
| Інші автори: | , , |
| Формат: | Книга |
| Мова: | Spanish |
| Опубліковано: |
[San José, Costa Rica]
2018
|
| Предмети: | |
| Теги: |
Додати тег
Немає тегів, Будьте першим, хто поставить тег для цього запису!
|
MARC
| LEADER | 00000nam a2200000Ia 4500 | ||
|---|---|---|---|
| 003 | 013764 | ||
| 005 | 20240213082705.0 | ||
| 008 | 140114s2018 cr a 000 ||spa d | ||
| 040 | |c cru CEDI | ||
| 100 | |a Acuña Montero, Paulina María, 1993- |9 2459 | ||
| 245 | |a Rediseño del proceso de planificación y gestión de inventario, compras y ventas de Audio Accesorios de Costa Rica | ||
| 260 | |a [San José, Costa Rica] |c 2018 | ||
| 500 | |a Proyecto de graduación (licenciatura en ingeniería industrial)--Universidad de Costa Rica. Facultad de Ingeniería. Escuela de Ingeniería Industrial | ||
| 501 | |a Director de Proyecto de Graduación: Ing. José Roig Zamora | ||
| 650 | |x PLANIFICACION ESTRATEGICA |x CONTROL DE INVENTARIOS - ADMINISTRACION - COSTA RICA |x CONTROL DE INVENTARIOS - PLANIFICACION - DISEÑO | ||
| 700 | |a Angulo Chaves, Aron Josué, 1993- |9 2460 | ||
| 700 | |a Cerdas Bulgarelli, Luis Javier, 1993- |9 2461 | ||
| 700 | |a Roig Zamora, José Francisco, 1978- |d Director del TFG |9 311 | ||
| 942 | |c TFG |h TFG 8905 |i 013764 |6 TFG_8905_013764000000000 | ||
| 999 | |c 12745 |d 12745 | ||
